000 00402nam a2200121Ia 4500
008 220620s9999||||xx |||||||||||||| ||und||
245 0 _aComputer Methods and Programs in Biomedical Signal and Image Processing
546 _aEnglish[eng]
650 _aMedical bioinformatics
700 _aWang, Lulu
856 _uhttps://mts.intechopen.com/storage/books/6835/authors_book/authors_book.pdf
942 _cEB
999 _c30361
_d30361